| 000 | 00447nam a2200181Ia 4500 | ||
|---|---|---|---|
| 001 | 2457 | ||
| 005 | 20260306144808.0 | ||
| 008 | 260306t2010||||xx |||||||||||||| ||spa|| | ||
| 041 | _aESP | ||
| 082 |
_a616.89 _bT72 |
||
| 100 |
_aToro Greiffenstein, Ricardo José _eAUT |
||
| 245 | 0 |
_aFundamentos de medicina: _bpsiquiatría |
|
| 260 | _c2010 | ||
| 300 |
_a587 páginas : _c22 cm. |
||
| 650 | _aGEN | ||
| 654 | _aCPS | ||
| 942 |
_cLIB _dJUS _fJUS _2ddc _n |
||
| 999 |
_c2457 _d2457 |
||